Mezinárodní ekonomický efekt a specializace národohospodářského komplexu

Na minha lista:
Detalhes bibliográficos
Autor principal: Chalupský, Zdeněk
Formato: Livro
Idioma:tcheco
Publicado em: Praha Academia 1987
Edição:1. vyd.
Colecção:Studie ČSAV Č.5
Tags: Adicionar Tag
Sem tags, seja o primeiro a adicionar uma tag!

MARC

LEADER 00000nam a2200000 4500
001 c033103
005 20221219102937.6
041 0 |a cze 
044 |a CZ 
245 1 0 |a Mezinárodní ekonomický efekt a specializace národohospodářského komplexu  |c Zdeněk Chalupský a kol. 
250 |a 1. vyd. 
264 1 |a Praha  |b Academia  |c 1987 
300 |a 138 s. 
490 1 |a Studie ČSAV  |v Č.5 
830 0 |a Studie ČSAV  |v Č.5 
100 1 |a Chalupský, Zdeněk